Normal view MARC view

Entry Personal Name

Number of records used in: 1

001 - CONTROL NUMBER

  • control field: 38195

003 - CONTROL NUMBER IDENTIFIER

  • control field: OSt

005 - DATE AND TIME OF LATEST TRANSACTION

  • control field: 20230510165706.0

008 - FIXED-LENGTH DATA ELEMENTS

  • fixed length control field: 230510|| aca||aabn | a|a d

040 ## - CATALOGING SOURCE

  • Original cataloging agency: OSt
  • Transcribing agency: OSt

100 ## - HEADING--PERSONAL NAME

  • Personal name: Jain Ankur, and Sheekha, Neela Madhaba

670 ## - SOURCE DATA FOUND

  • Source citation: Work cat.: (OSt)521941: Jain Ankur, and Sheekha, Neela Madhaba , Agrarian crisis in wheat-producing region of India: analysis of profitability and costs

Powered by Koha